000 00209nam a2200097Ia 4500
008 240331s9999 xx 000 0 und d
082 _a294
_bION
100 _aIons, V
245 0 _a History of mythology
942 _cL
999 _c947
_d947